Score 0/16 Timer 04:00
0 Plays Today
Novel Missing Word % Correct
Anne of ___ GablesGreen
94.3%
Northanger ___Abbey
76.2%
___ ParkJurassic
76.1%
Far from the ___ CrowdMadding
74.7%
So Long, and Thanks for ___ the FishAll
67.8%
Martin ___Chuzzlewit
45%
Digital ___Fortress
39.2%
The ___ of the EarthPillars
36.5%
Novel Missing Word % Correct
The Tenant of ___ HallWildfell
29%
The Last ___Tycoon
28.9%
___ and AmazonsSwallows
28.1%
___ Mister TomGoodnight
23%
The ___ SeekersShell
19.1%
The Wanting ___Seed
6.2%
Imperial ___Bedrooms
5.4%
The Santaroga ___Barrier
5%

Today's Daily Dose

Missing Word
TV NA - NZ

Word Ladder
Neck and Neck

Quick Pick
'Q' Places

You're not logged in!

Compare scores with friends on all Sporcle quizzes.
OR
Log In

Sporcle TV

Today on Sporcle TV


Watch our educational content, quiz creation guides, and fun videos on Sporcle TV.

Show Comments

Extras

Top Quizzes Today


Score Distribution

Paid Content

Your Account Isn't Verified!

In order to create a playlist on Sporcle, you need to verify the email address you used during registration. Go to your Sporcle Settings to finish the process.

Report this User

Report this user for behavior that violates our Community Guidelines.

Details: